000 00786nas a22002651i#4500
001 725
003 ES-MaACL
005 20250718150753.0
007 t|
008 950801d18291833sp i| | 1 ||pa d
022 _a2171-7125
080 _a(054)
245 0 3 _aEl Correo
_b: periódico literario y mercantil.
260 _aMadrid :
_bEl Correo,
_c1829-1833 (
_fImp. Pedro Ximénez de Haro)
300 _a3 v. ;
_c36 cm.
310 _a3 n. a la semana
362 0 _aComenzó con: n. 75 (en. 1829) -n. 840 (3 nov. 1833)
500 _aVariaciones en el subtítulo.
650 1 4 _aPeriódicos
_915941
780 0 0 _tEl Correo literario y mercantil
852 _aES-MaACL
_jR-2550-52
_dOlim: G-1930-32
866 0 _o1831-33
942 _2udc
_cPERIODICO
999 _c725
_d725